| 000 -LEADER |
| fixed length control field |
00459cam a2200181Ia 4500 |
| 020 ## - INTERNATIONAL STANDARD BOOK NUMBER |
| ISBN |
0072904690 |
| 020 ## - INTERNATIONAL STANDARD BOOK NUMBER |
| ISBN |
0073229814 |
| 040 ## - CATALOGING SOURCE |
| Transcribing agency |
SISPL |
| 082 ## - DEWEY DECIMAL CLASSIFICATION NUMBER |
| Classification number |
512 MCG 2007 A025 Or. |
| 100 1# - MAIN ENTRY--AUTHOR NAME |
| Personal name |
Coburn, John W |
| 245 10 - TITLE STATEMENT |
| Title |
Precalculus / |
| 260 ## - PUBLICATION, DISTRIBUTION, ETC. (IMPRINT) |
| Place of publication |
Boston : |
| Name of publisher |
McGraw-Hill Higher Education, |
| Year of publication |
c2007 |
| 300 ## - PHYSICAL DESCRIPTION |
| Number of Pages |
xxxi, 1275, 7, 73, 16 p. : |
| Other physical details |
col. ill. ; |
| Dimensions |
27 cm |
| 500 ## - GENERAL NOTE |
| General note |
Includes index |
| 650 #0 - SUBJECT ADDED ENTRY--TOPICAL TERM |
| Topical Term |
Algebra |
| 650 #0 - SUBJECT ADDED ENTRY--TOPICAL TERM |
| Topical Term |
Trigonometry |
| 942 ## - ADDED ENTRY ELEMENTS (KOHA) |
| Koha item type |
សៀវភៅភាសាអង់គ្លេស |
| 952 ## - LOCATION AND ITEM INFORMATION (KOHA) |
| Withdrawn status [LOCAL, KOHA] |
0 |